Countries with the wrong vowels - Statistics

General Stats
  • This quiz has been taken 34 times
  • The average score is 18 of 20
Answer Stats
Wrong vowel country Answer % Correct
Ogypt Egypt
97%
Mixuca Mexico
97%
Donmirk Denmark
93%
Feju Fiji
93%
Pelund Poland
93%
Cabo Cuba
90%
Dimecrotac Ropeblac If tha Cange Democratic Republic of the Congo
90%
Asrial Israel
90%
Kawoot Kuwait
90%
Phulappenus Phillippines
90%
Syroe Syria
90%
Tinzunai Tanzania
90%
Gumbee Gambia
86%
Ghinu Ghana
86%
Jimeaco Jamaica
86%
Izbokestun Uzbekistan
86%
Eistrolea Australia
83%
Ozarbeajun Azerbaijan
83%
Cimbadue Cambodia
83%
Semio Samoa
69%
No matching quizzes found
Score Distribution
Percent of People with Each Score
Percentile by Number Answered
Your Score History
You have not taken this quiz